| 000 | 01231cam a2200313 a 4500 | ||
|---|---|---|---|
| 999 |
_c18061 _d18061 |
||
| 001 | 3034966 | ||
| 005 | 20161202120907.0 | ||
| 008 | 950818s1996 sa a b 001 0 eng | ||
| 010 | _a 95040337 | ||
| 020 | _a0893842745 | ||
| 040 |
_aDLC _cDLC _dDLC |
||
| 050 | 0 | 0 | _aGV 954.4 .R63 1996 |
| 100 | 1 |
_aRobinson, John, _d1935- |
|
| 245 | 1 | 0 |
_aCoach to coach : _bbusiness lessons from the locker room / _cJohn Robinson. |
| 260 |
_aJohannesburg ; _aSan Diego, CA : _bPfeiffer, _cc1996. |
||
| 300 |
_axiii, 108 p. : _bill. ; _c27 cm. |
||
| 440 | 4 | _aThe Warren Bennis executive briefing series | |
| 504 | _aIncludes bibliographical references (p. 101) and index. | ||
| 650 | 0 |
_aFootball _xCoaching _xPhilosophy. |
|
| 650 | 0 | _aTeamwork (Sports) | |
| 650 | 0 | _aLeadership. | |
| 856 | 4 | 2 |
_3Publisher description _uhttp://www.loc.gov/catdir/enhancements/fy0706/95040337-d.html |
| 942 |
_2lcc _cBOOKS _hGV 954.4 .R63 1996 |
||